Come work with me!

Bibliographic Details
Main Author: Ismail Noor
Corporate Author: Elina Noor
Format: Book
Published: Selangor : Thinker's Library , 2004
Subjects:

MARC

LEADER 00000cam a2200000 7i4500
001 0000012173
005 20071205.0
008 071205
020 |a 967691516X 
090 0 0 |a 320.9595   |b ISM 
100 0 |a Ismail Noor 
245 1 0 |a Come work with me!   |c Ismail Noor;edited by Elina Noor 
260 |a Selangor :   |b Thinker's Library ,   |c 2004 
650 0 |a Malaysia   |x Politics and goverment 
650 0 |a Representative goverment and representation   |z Malaysia 
710 0 |a Elina Noor 
999 |a 0001003663   |b Book   |c Adult Collection   |e Perbadanan Perpustakaan Awam Johor 
999 |a 0001003664   |b Book   |c Adult Collection   |e Perbadanan Perpustakaan Awam Johor